| 000 | 00539nam a2200217Ia 4500 | ||
|---|---|---|---|
| 008 | 210210b1921 xxu||||| |||| 00| 0 eng d | ||
| 041 | _aeng | ||
| 082 | _a532/13 | ||
| 100 | _aCARSLAW | ||
| 245 | _aIntroduction to the mathematical theory of the conduction of heat in solids | ||
| 260 |
_aLondon _bMacmillan & Co. Ltd. _c1921 |
||
| 300 | _axii,268 | ||
| 650 | _atheory | ||
| 650 | _asolids | ||
| 650 | _amathematical | ||
| 650 | _aIntroduction | ||
| 650 | _aheat | ||
| 650 | _aconduction | ||
| 690 | _aHeat | ||
| 906 | _a008378 | ||
| 999 |
_c127193 _d127193 |
||